| 000 | 01072cam a22002891 4500 | ||
|---|---|---|---|
| 001 | 3747 | ||
| 003 | BD-RjUL | ||
| 005 | 20211208233758.0 | ||
| 008 | 131221s1962 iluab b 000 0 eng | ||
| 035 | _a(BD-RjUL)3781 | ||
| 035 | _a(OCoLC)167596 | ||
| 040 |
_aDLC _cODaWU _dOCoLC _dDLC _dBD-RjUL _beng |
||
| 041 | _aeng | ||
| 082 |
_a711.45 _bRON 1962 |
||
| 100 | 1 |
_aRobinson, Ira M. _911900 |
|
| 245 | 1 | 0 |
_aNew industrial towns on Canada's resource frontier / _cIra M Robinson. |
| 260 |
_aChicago, _cc1962. |
||
| 300 |
_aix, 190 p. : _billus., maps (2 fold.) tables. ; _c23 cm. |
||
| 490 | 1 |
_aUniversity of Chicago. Program of Education and Research in Planning. Research paper _vno. 4 |
|
| 490 | 1 |
_a[University of Chicago] Dept. of Geography. Research paper _vno. 73 |
|
| 504 | _aIncludes bibliographical references. | ||
| 650 | 0 |
_aUrbanization _zCanada. _911901 |
|
| 856 | _uhttp://www.worldcat.org/title/new-industrial-towns-on-canadas-resource-frontier/oclc/167596&referer=brief_results | ||
| 942 |
_2ddc _cBK |
||
| 999 |
_c3747 _d3747 |
||